01031nam a2200241 a 4500001001000000003000500010005001700015008004100032010001100073011001100084040000900095100003300104245020200137260004100339500006000380502010400440650004600544650004800590650002900638650002700667650002500694856007000719000112961CHAP20220329144330.0170228s2016 mx sm |||||||spa d a109422 a110394 cCHAP1 aPanca Galindo, Jhesus Wilson10aEl turismo rural:h[En línea]b¿es una alternativa de desarrollo territorial? (caso San Juan Cuauhtemóc Puebla - México y LLachón Capachica Puno-Perú) /cpor Jhesus Wilson Panca Galindo. aChapingo, Méx. :bEl autor,c2016. aPara ver el contenido del material haga clic en la liga aTesis (M.C. en Desarrollo Rural Regional) -- UACH. Dirección de Centros Regionales Universitarios14aDesarrollo de la comunidad ruralxPerú.14aDesarrollo de la comunidad ruralzMéxico.14aTurismo ruralzMéxico.14aTurismo ruralzPerú.14aTurismo sustentable. aFinding aiduhttp://10.13.5.2/tesis/sist112961.pdfzTeclea aquí